Pictorial biography and teachings of H.H. Chandrasekhara Bharati Mahaswamin/ (Record no. 8913)

MARC details
000 -LEADER
fixed length control field 00746 a2200205 4500
010 ## - LIBRARY OF CONGRESS CONTROL NUMBER
LC control number ENG-88623
020 ## - INTERNATIONAL STANDARD BOOK NUMBER
Terms of availability 325.00
International Standard Book Number 8188261149
035 ## - SYSTEM CONTROL NUMBER
System control number EN-72156
037 ## - SOURCE OF ACQUISITION
Source of stock number/acquisition DBAD / PUB
082 14 - DEWEY DECIMAL CLASSIFICATION NUMBER
Classification number 230.35
090 ## - LOCALLY ASSIGNED LC-TYPE CALL NUMBER (OCLC); LOCAL CALL NUMBER (OCLC)
-- 9077
-- 9077
100 ## - MAIN ENTRY--PERSONAL NAME
Personal name Natarajan, A.R.
245 1# - TITLE STATEMENT
Title Pictorial biography and teachings of H.H. Chandrasekhara Bharati Mahaswamin/
Statement of responsibility, etc by A.R. Natarajan
260 ## - PUBLICATION, DISTRIBUTION, ETC. (IMPRINT)
Place of publication, distribution, etc Bangalore
Name of publisher, distributor, etc Ramana Maharshi Centre for Learning
Date of publication, distribution, etc 2004
270 ## - ADDRESS
Address Post Office Road, Sanjay Nagar,
City Bangalore
State or province Karnataka
Postal code 560 094
300 ## - PHYSICAL DESCRIPTION
Extent xviii, 201p. :
Dimensions 24cm (pbk)
Other physical details col. photos
500 ## - GENERAL NOTE
General note Includes index
942 ## - ADDED ENTRY ELEMENTS (KOHA)
Institution code [OBSOLETE] dpl
Koha item type English Books
Call number prefix 230.35 / NAT
Holdings
Withdrawn status Lost status Source of classification or shelving scheme Damaged status Not for loan Collection code Home library Current library Source of acquisition Cost, normal purchase price Total Checkouts Full call number Barcode Date last seen Copy number Uniform Resource Identifier Cost, replacement price Price effective from Koha item type
    Dewey Decimal Classification   Not For Loan Non-fiction D.B.Act.Division D.B.Act.Division DBAD/PUB 325.00   230.35 NAT EN-72156 15/09/2008 1 9861 325.00 15/09/2008 English Books

© Delhi Public Library
Hit Counter
free hit counter